| 000 | 00789nam a22002537a 4500 | ||
|---|---|---|---|
| 001 | 7942 | ||
| 003 | FISKH | ||
| 005 | 20250814113314.0 | ||
| 008 | 250814b cb ||||| |||| 00| 0 eng d | ||
| 040 |
_aFISKH _beng _cFISKH _dFISKH |
||
| 050 | _aPZ7 | ||
| 082 | _a813.54 | ||
| 100 | _aCase, Cassandra | ||
| 245 |
_aPooh's favorite singing game : _bMy very first Winnie the pooh / _cCompiled by Cassandra Case |
||
| 260 |
_aNew York : _bGrolier Books, _c1999. |
||
| 300 |
_a30 unnumbered pages : _bcolor illustrations ; _c20 cm |
||
| 505 | _aG | ||
| 520 | _aPooh and his friends sing a variety of traditional children's songs. | ||
| 521 | 8 |
_a380
_bLexile estimate |
|
| 521 | 8 |
_aG
_bRaz-Plus |
|
| 650 |
_aPicture ook _vBears _xDisney |
||
| 942 |
_2ddc _cBK _n0 |
||
| 999 |
_c7942 _d7942 |
||